[Event "Copa Latina 2015"]
[Site "Vicente Lopez ARG"]
[Date "2015.03.23"]
[Round "7.52"]
[White "Paolini, Claudio"]
[Black "Ferrara, Alexis"]
[Result "0-1"]
[WhiteElo "1935"]
[BlackElo "2113"]
[PlyCount "106"]
[EventDate "2015.03.19"]
[EventType "swiss"]
[EventRounds "9"]
[EventCountry "ARG"]
[Source "lmi"]
[SourceDate "2015.03.19"]

1. e4 c5 2. Nf3 Nc6 3. d4 cxd4 4. Nxd4 e5 5. Nxc6 dxc6 6. Qxd8+ Kxd8 7. Bc4 Be6
8. Bxe6 fxe6 9. Be3 Nf6 10. f3 Kc7 11. Nd2 Be7 12. Nc4 Nd7 13. O-O-O b5 14. Na5
Rhd8 15. a3 c5 16. c4 a6 17. Bd2 b4 18. Kc2 Kb6 19. Nb3 a5 20. Be3 a4 21. Nc1
b3+ 22. Kb1 Kc6 23. Nd3 Bd6 24. Bf2 Rf8 25. Bg3 h5 26. Rd2 Bc7 27. Rhd1 Rf7 28.
Nf2 Rg8 29. Rc1 g5 30. Nd1 h4 31. Be1 h3 32. gxh3 Rxf3 33. Re2 Rxh3 34. Nc3 Nb6
35. Nb5 Bb8 36. Bg3 Nxc4 37. Rxc4 Kxb5 38. Rc3 Rd8 39. Re1 Rh7 40. Rec1 Rc8 41.
Rc4 Rd7 42. Bf2 Bd6 43. Bg3 Rf7 44. Ka1 Rf3 45. Kb1 Rcf8 46. Bxe5 Be7 47. R4c3
g4 48. Rg1 Rf1+ 49. Rxf1 Rxf1+ 50. Rc1 Rxc1+ 51. Kxc1 Kc4 52. Kd2 Bg5+ 53. Ke2
Bh6 0-1

[Event "Copa Latina 2015"]
[Site "Vicente Lopez ARG"]
[Date "2015.03.23"]
[Round "7.54"]
[White "Elias, Roberto"]
[Black "Ortiz, Andres"]
[Result "1/2-1/2"]
[WhiteElo "1845"]
[BlackElo "2195"]
[PlyCount "123"]
[EventDate "2015.03.19"]
[EventType "swiss"]
[EventRounds "9"]
[EventCountry "ARG"]
[Source "lmi"]
[SourceDate "2015.03.19"]

1. c4 d5 2. cxd5 Qxd5 3. Nc3 Qd8 4. d4 e6 5. e4 Nf6 6. Bg5 h6 7. Be3 Be7 8. Bc4
O-O 9. Nf3 b6 10. O-O Bb7 11. Qc2 a6 12. Rad1 b5 13. Be2 b4 14. e5 bxc3 15.
exf6 Bxf6 16. bxc3 c5 17. Qb3 Qc8 18. dxc5 Nd7 19. Rd2 Rb8 20. Qc4 a5 21. Rfd1
Bd5 22. Qg4 Nxc5 23. c4 Be4 24. Nh4 Bf5 25. Nxf5 exf5 26. Qf3 Ne4 27. Rc2 Nc3
28. Rxc3 Bxc3 29. Bxh6 Bf6 30. Bf4 Rb2 31. Bd6 Re8 32. Bd3 g6 33. Qd5 Qd7 34.
c5 Be5 35. g4 Bxd6 36. cxd6 Qa7 37. Rf1 Re1 38. Qf3 fxg4 39. Qf6 Rxf1+ 40. Kxf1
Qb7 41. Be4 Qb5+ 42. Kg1 Rd2 43. Kg2 Qd7 44. Bxg6 Rxd6 45. Bxf7+ Qxf7 46. Qxd6
Qxa2 47. Qg6+ Kf8 48. Qf5+ Ke7 49. Qg5+ Kd6 50. Qf4+ Kc6 51. Qc1+ Kb5 52. Qg5+
Kb4 53. Qe7+ Kc3 54. Qe5+ Kd2 55. Qd4+ Kc1 56. Qc3+ Kd1 57. Qd4+ Qd2 58. Qxg4+
Kc2 59. Qa4+ Kb2 60. Qb5+ Ka3 61. Qc5+ Qb4 62. Qc1+ 1/2-1/2

[Event "Copa Latina 2015"]
[Site "Vicente Lopez ARG"]
[Date "2015.03.23"]
[Round "7.55"]
[White "Wainer, Daniel"]
[Black "Figar, Nicolas"]
[Result "1/2-1/2"]
[WhiteElo "2117"]
[BlackElo "1776"]
[PlyCount "111"]
[EventDate "2015.03.19"]
[EventType "swiss"]
[EventRounds "9"]
[EventCountry "ARG"]
[Source "lmi"]
[SourceDate "2015.03.19"]

1. e4 e5 2. f4 exf4 3. Nf3 h6 4. h4 d6 5. d4 Bg4 6. Bxf4 Be7 7. Bc4 Bxh4+ 8. g3
Bf6 9. c3 g5 10. Be3 Nd7 11. Nbd2 Qe7 12. Qb3 Nb6 13. Bd3 Bg7 14. O-O-O O-O-O
15. Rde1 Qd7 16. Rhf1 Rf8 17. Nc4 Ne7 18. d5 Bxf3 19. Rxf3 f5 20. exf5 Nxf5 21.
Nxb6+ axb6 22. Bb5 Qd8 23. Qa4 Kb8 24. Bg1 Ne7 25. Rd3 g4 26. c4 Rf3 27. Be3 c5
28. dxc6 Nxc6 29. Rb3 Bd4 30. Bxc6 Bxe3+ 31. Rbxe3 Rxe3 32. Rxe3 bxc6 33. Qxc6
Qc7 34. Qe4 h5 35. Qd5 Qc5 36. Re7 Qxd5 37. cxd5 h4 38. gxh4 Rxh4 39. Rg7 Rh5
40. Rxg4 Rxd5 41. Rg7 Rc5+ 42. Kd2 Rc7 43. Rg6 Rd7 44. Kd3 Kb7 45. a4 Kc6 46.
b4 Re7 47. b5+ Kc5 48. Rg4 d5 49. Kc3 Rh7 50. Rg3 Rh4 51. Kb3 Rb4+ 52. Ka3 Rh4
53. Rc3+ Rc4 54. Rf3 Rh4 55. Rc3+ Rc4 56. Rf3 1/2-1/2

[Event "Copa Latina 2015"]
[Site "Vicente Lopez ARG"]
[Date "2015.03.23"]
[Round "7.57"]
[White "Durnhofer, Andrea"]
[Black "Ueti, Silvio Shigueo"]
[Result "1/2-1/2"]
[WhiteElo "1839"]
[BlackElo "2087"]
[PlyCount "112"]
[EventDate "2015.03.19"]
[EventType "swiss"]
[EventRounds "9"]
[EventCountry "ARG"]
[Source "lmi"]
[SourceDate "2015.03.19"]

1. e4 c5 2. Nf3 e6 3. d4 cxd4 4. Nxd4 a6 5. Nc3 Qc7 6. Bd3 Nf6 7. O-O Bc5 8.
Nb3 Be7 9. Be3 b5 10. a3 Bb7 11. f3 O-O 12. Qe2 d6 13. Qf2 Nbd7 14. g4 Ne5 15.
g5 Nxd3 16. cxd3 Nh5 17. f4 f6 18. Qh4 g6 19. Nd4 Qd7 20. f5 exf5 21. Nxf5 fxg5
22. Nxe7+ Qxe7 23. Qxg5 Qe6 24. Rxf8+ Rxf8 25. Rf1 Rxf1+ 26. Kxf1 Nf6 27. Bd4
Kf7 28. Qxf6+ Qxf6+ 29. Bxf6 Kxf6 30. Kf2 d5 31. exd5 Ke5 32. Ke3 Bxd5 33. d4+
Ke6 34. Kf4 h6 35. h4 Bb7 36. Kg4 Bc8 37. Kf4 Bd7 38. b4 Bc6 39. Kg4 Kd6 40.
Kf4 Bd5 41. Kg4 Be6+ 42. Kf4 Bf5 43. h5 Bc2 44. hxg6 Bxg6 45. Kg4 Ke6 46. Kf4
Bf5 47. d5+ Kf6 48. a4 Bd3 49. axb5 axb5 50. Kg4 Ke5 51. Kh5 Kd4 52. d6 Bf5 53.
Nxb5+ Kc4 54. Nc7 Kxb4 55. Kxh6 Kc5 56. Ne8 Bd7 1/2-1/2

[Event "Copa Latina 2015"]
[Site "Vicente Lopez ARG"]
[Date "2015.03.23"]
[Round "7.60"]
[White "Bulcourf, Carlos"]
[Black "Laurnagaray, Santiago"]
[Result "1-0"]
[WhiteElo "1980"]
[BlackElo "1535"]
[PlyCount "73"]
[EventDate "2015.03.19"]
[EventType "swiss"]
[EventRounds "9"]
[EventCountry "ARG"]
[Source "lmi"]
[SourceDate "2015.03.19"]

1. b4 d5 2. Nf3 Bf5 3. e3 e6 4. Bb2 Nf6 5. c4 c6 6. b5 Be7 7. a4 O-O 8. Nc3
Nbd7 9. Nd4 Bg6 10. bxc6 e5 11. cxb7 exd4 12. bxa8=Q Qxa8 13. Nxd5 Nxd5 14.
cxd5 d3 15. h4 h5 16. Ba3 Bxa3 17. Rxa3 Qxd5 18. Qb3 Rb8 19. Qd1 Ne5 20. f3 Ng4
21. fxg4 Qd6 22. Kf2 Qxa3 23. gxh5 Bf5 24. g4 Be4 25. Bg2 Bxg2 26. Kxg2 Rb4 27.
Rf1 Qxa4 28. Qxa4 Rxa4 29. Kf3 a5 30. e4 Kf8 31. Ke3 Ra3 32. g5 Ke7 33. g6 f6
34. e5 Ra4 35. h6 Rg4 36. exf6+ gxf6 37. h7 1-0

[Event "Copa Latina 2015"]
[Site "Vicente Lopez ARG"]
[Date "2015.03.23"]
[Round "7.62"]
[White "Abate, Tomas"]
[Black "Da Silva, Joao Carlos Orguim"]
[Result "0-1"]
[WhiteElo "1720"]
[BlackElo "1895"]
[PlyCount "136"]
[EventDate "2015.03.19"]
[EventType "swiss"]
[EventRounds "9"]
[EventCountry "ARG"]
[Source "lmi"]
[SourceDate "2015.03.19"]

1. d4 Nf6 2. Nf3 d5 3. Bf4 e6 4. e3 Bd6 5. Bg3 Qe7 6. Bd3 Nbd7 7. c3 a6 8. Nbd2
c5 9. a4 e5 10. dxe5 Nxe5 11. Nxe5 Bxe5 12. Bxe5 Qxe5 13. Nf3 Qc7 14. h3 h6 15.
O-O Be6 16. Qe2 O-O 17. c4 Rfe8 18. cxd5 Bxd5 19. Bc4 Bxc4 20. Qxc4 Re4 21. Qc2
Qe7 22. Nd2 Rb4 23. Rfc1 Nd7 24. Nc4 a5 25. b3 b6 26. Na3 Qe6 27. Nc4 Ne5 28.
Qe4 Re8 29. Qxe5 Qxe5 30. Nxe5 Rxe5 31. Rc3 Rd5 32. Rb1 Rd2 33. Ra1 Rb2 34. Ra3
Kf8 35. g3 Ke7 36. Kg2 Ke6 37. Kf3 Ke5 38. g4 g5 39. Rd3 f6 40. Rc3 Rb1 41. Kg3
f5 42. gxf5 Kxf5 43. f3 h5 44. e4+ Ke5 45. Rd3 Rd4 46. Rc3 Rd2 47. f4+ gxf4+
48. Kh4 Kxe4 49. Rc4+ Rd4 50. Rc2 f3 51. Kxh5 Rd3 52. Raa2 Ke3 53. h4 Rbd1 54.
Kg4 Rg1+ 55. Kf5 Rh1 56. Rc4 Rxb3 57. Re4+ Kd3 58. Rf4 Rf1 59. h5 Rb4 60. Ra3+
Kc2 61. Raxf3 Rxf3 62. Rxf3 Rh4 63. Kg5 Rh1 64. h6 c4 65. Kg6 c3 66. Rf5 Kd3
67. h7 c2 68. Rd5+ Ke4 0-1

[Event "Copa Latina 2015"]
[Site "Vicente Lopez ARG"]
[Date "2015.03.23"]
[Round "7.65"]
[White "Coro, Lucas"]
[Black "Boff, Andre Ricardo"]
[Result "1-0"]
[WhiteElo "1637"]
[BlackElo "1962"]
[PlyCount "105"]
[EventDate "2015.03.19"]
[EventType "swiss"]
[EventRounds "9"]
[EventCountry "ARG"]
[Source "lmi"]
[SourceDate "2015.03.19"]

1. e4 e6 2. d4 d5 3. Nc3 Bb4 4. e5 c5 5. a3 Bxc3+ 6. bxc3 Qa5 7. Bd2 Qa4 8. Qg4
g6 9. Nf3 b6 10. Ng5 h6 11. Nh3 Qxc2 12. Nf4 Qf5 13. Qg3 Ba6 14. Bxa6 Nxa6 15.
O-O Ne7 16. Rfc1 c4 17. Qf3 g5 18. g4 Qe4 19. Qxe4 dxe4 20. Nh5 Nd5 21. Ng3
Nac7 22. Nxe4 b5 23. a4 a6 24. axb5 Nxb5 25. Nc5 a5 26. Ra4 Nb6 27. Ra2 Nd5 28.
Rb2 Nbc7 29. Nb7 O-O 30. Nd6 f6 31. Nxc4 fxe5 32. Nxe5 Nf4 33. Bxf4 Rxf4 34.
Rb7 Nd5 35. h3 a4 36. c4 Nf6 37. Nc6 Rf3 38. Kg2 Rd3 39. Re7 a3 40. Rxe6 Kg7
41. Re7+ Kf8 42. Re3 Rd2 43. Ra1 a2 44. d5 Rb2 45. Ree1 Nd7 46. Nd4 Kf7 47. Re2
Rab8 48. Rxa2 Rb1 49. Ra7 R8b7 50. Rxb7 Rxb7 51. Nf5 Rc7 52. Re7+ Kf6 53. c5
1-0

[Event "Copa Latina 2015"]
[Site "Vicente Lopez ARG"]
[Date "2015.03.23"]
[Round "7.66"]
[White "Carrizo, Franco"]
[Black "Fernandez Rodriguez, Antonio"]
[Result "0-1"]
[WhiteElo "1708"]
[BlackElo "1905"]
[PlyCount "146"]
[EventDate "2015.03.19"]
[EventType "swiss"]
[EventRounds "9"]
[EventCountry "ARG"]
[Source "lmi"]
[SourceDate "2015.03.19"]

1. d4 f5 2. e3 Nf6 3. Bd3 d6 4. Nf3 g6 5. c3 Bg7 6. Qb3 e6 7. Ng5 Qe7 8. O-O h6
9. Nf3 O-O 10. Nh4 Kh7 11. g3 Nbd7 12. Nd2 e5 13. Ng2 e4 14. Be2 Nb6 15. Qc2
Be6 16. a4 a5 17. b3 Nbd7 18. f3 exf3 19. Bxf3 Bd5 20. Bxd5 Nxd5 21. e4 fxe4
22. Nxe4 Nxc3 23. Qxc3 Rxf1+ 24. Kxf1 Qxe4 25. Be3 c5 26. Re1 Rf8+ 27. Bf4 Qxd4
28. Qxd4 cxd4 29. Re7 Nc5 30. Ke2 d3+ 31. Kd2 g5 32. Be3 Nxb3+ 33. Kxd3 Nc5+
34. Kc4 Rc8 35. Kb5 Kg6 36. Bxc5 Rxc5+ 37. Kb6 Re5 38. Rxe5 dxe5 39. Kxa5 e4
40. Kb6 e3 41. Kc5 e2 42. Kc4 Kf5 43. Kd3 Kg4 44. Kxe2 Kh3 45. Ne3 Kxh2 46. Nf5
Bf8 47. Kf3 h5 48. Kf2 Kh3 49. Kf3 Bb4 50. Ng7 g4+ 51. Kf2 Bc5+ 52. Kf1 Kxg3
53. Nxh5+ Kf3 54. Ke1 g3 55. Nxg3 Kxg3 56. Ke2 Kf4 57. Kd3 Ke5 58. Kc4 Kd6 59.
Kb5 Be3 60. a5 Kc7 61. Kc4 Kb8 62. Kb5 Ka7 63. Ka4 Ka6 64. Kb4 Bd2+ 65. Ka4
Bxa5 66. Ka3 Kb5 67. Kb3 Bb4 68. Kb2 Ka4 69. Ka2 b5 70. Kb2 Be7 71. Ka2 Bf6 72.
Kb1 Kb3 73. Kc1 Ka2 0-1

[Event "Copa Latina 2015"]
[Site "Vicente Lopez ARG"]
[Date "2015.03.23"]
[Round "7.67"]
[White "Ferrero, Luis"]
[Black "Lallana, Daniel"]
[Result "0-1"]
[WhiteElo "1635"]
[BlackElo "1901"]
[PlyCount "112"]
[EventDate "2015.03.19"]
[EventType "swiss"]
[EventRounds "9"]
[EventCountry "ARG"]
[Source "lmi"]
[SourceDate "2015.03.19"]

1. d4 d5 2. Nf3 Nf6 3. Bf4 e6 4. e3 Bd6 5. Nc3 c6 6. Bxd6 Qxd6 7. Bd3 Nbd7 8.
O-O Nf8 9. e4 dxe4 10. Nxe4 Nxe4 11. Bxe4 Ng6 12. g3 Bd7 13. c3 f5 14. Bd3
O-O-O 15. Re1 Qf8 16. b4 h5 17. Ng5 Qf6 18. h4 e5 19. dxe5 Nxe5 20. Rxe5 Qxe5
21. Nf7 Qxc3 22. Nxh8 Be6 23. Qe1 Qf6 24. Rd1 Rxh8 25. Qe3 Kb8 26. b5 Bd5 27.
bxc6 Bxc6 28. Qf4+ Ka8 29. Qxf5 Qxf5 30. Bxf5 a5 31. Bg6 Rh6 32. Bf7 Ka7 33.
Re1 Bf3 34. Re3 Rf6 35. Bc4 Bc6 36. Re5 Rd6 37. Kf1 Kb6 38. Rxh5 Rd4 39. Be2
Ra4 40. Rg5 Rxa2 41. f3 a4 42. Rxg7 a3 43. Bc4 Rc2 44. Bf7 Bb5+ 45. Kg1 Bc4 46.
Bxc4 Rxc4 47. Re7 Rc2 48. Re3 a2 49. Ra3 Kc5 50. h5 b5 51. h6 Rc1+ 52. Kg2 a1=Q
53. Rxa1 Rxa1 54. g4 Kd5 55. h7 Ra8 56. g5 Ke6 0-1

[Event "Copa Latina 2015"]
[Site "Vicente Lopez ARG"]
[Date "2015.03.23"]
[Round "7.68"]
[White "Lang, German"]
[Black "Wolfsdorf, Alexis"]
[Result "0-1"]
[WhiteElo "1887"]
[BlackElo "1814"]
[PlyCount "102"]
[EventDate "2015.03.19"]
[EventType "swiss"]
[EventRounds "9"]
[EventCountry "ARG"]
[Source "lmi"]
[SourceDate "2015.03.19"]

1. e4 c5 2. Bc4 d6 3. d3 Nf6 4. f4 Nc6 5. Nf3 Bg4 6. c3 g6 7. O-O Bxf3 8. Rxf3
Bg7 9. Na3 O-O 10. Nc2 Na5 11. Bb3 c4 12. Ba4 a6 13. Ne3 b5 14. Bc2 cxd3 15.
Qxd3 Nd7 16. Rh3 Qb6 17. Kh1 Nc5 18. Qe2 Qb7 19. Ng4 b4 20. Bd2 b3 21. axb3
Naxb3 22. Rd1 Nxd2 23. Rxd2 Qxb2 24. e5 Qc1+ 25. Bd1 dxe5 26. Nxe5 Ne4 27. Rdd3
Qxf4 28. Nf3 Nxc3 29. Qe1 Nxd1 30. Rxd1 Bf6 31. Ng1 Rfd8 32. Rb1 Rd2 33. Rf3
Qd6 34. Nh3 Rd8 35. Nf2 Rb2 36. Rd1 Qc7 37. Rc1 Rc2 38. Rb1 Rdd2 39. Qf1 Qa7
40. Ne4 Rxg2 41. Qxg2 Rxg2 42. Kxg2 Be5 43. Rbf1 Qd4 44. Nf2 f6 45. Rd1 Qh4 46.
h3 Qg5+ 47. Kh1 h5 48. Rg1 Qh6 49. Ra3 Qf4 50. Rxg6+ Kf7 51. Rgg3 Qxf2 0-1

[Event "Copa Latina 2015"]
[Site "Vicente Lopez ARG"]
[Date "2015.03.23"]
[Round "7.69"]
[White "Girona, Martin"]
[Black "Martin, Luis Jacinto"]
[Result "1-0"]
[WhiteElo "1579"]
[BlackElo "1848"]
[PlyCount "57"]
[EventDate "2015.03.19"]
[EventType "swiss"]
[EventRounds "9"]
[EventCountry "ARG"]
[Source "lmi"]
[SourceDate "2015.03.19"]

1. d4 Nf6 2. Nf3 g6 3. Bf4 Bg7 4. e3 d6 5. h3 O-O 6. Be2 c5 7. c3 b6 8. O-O Bb7
9. Nbd2 a6 10. a4 Nc6 11. Re1 Rc8 12. Qb3 Na5 13. Qa2 cxd4 14. exd4 h6 15. Bh2
Nc6 16. Bd3 Kh7 17. Nc4 Nb8 18. Ncd2 Nbd7 19. Qb1 Re8 20. Qc2 Nf8 21. Qd1 N6d7
22. Re3 f5 23. Qe2 Ra8 24. Re1 Bf6 25. Bxd6 e6 26. Bc4 Be7 27. Bxe7 Rxe7 28.
Bxe6 f4 29. Bg8+ 1-0

[Event "Copa Latina 2015"]
[Site "Vicente Lopez ARG"]
[Date "2015.03.23"]
[Round "7.71"]
[White "Lorenzi, Juan Carlos"]
[Black "Boabaid, Jorge Alberto Duard"]
[Result "1/2-1/2"]
[WhiteElo "1480"]
[BlackElo "1834"]
[PlyCount "113"]
[EventDate "2015.03.19"]
[EventType "swiss"]
[EventRounds "9"]
[EventCountry "ARG"]
[Source "lmi"]
[SourceDate "2015.03.19"]

1. d4 Nf6 2. e3 d5 3. Bd3 g6 4. f4 Bg7 5. Nf3 c5 6. c3 cxd4 7. exd4 O-O 8. O-O
Nc6 9. Qe2 Nh5 10. Ne5 f5 11. Nd2 Nf6 12. Ndf3 Ne4 13. Bd2 Qb6 14. Be1 Be6 15.
Bh4 Bf6 16. Bxf6 exf6 17. Nxc6 bxc6 18. Qc2 Rab8 19. Rab1 c5 20. g3 c4 21. Be2
Qa5 22. Ra1 Rb7 23. Rfb1 Rfb8 24. Nd2 Qc7 25. Nxe4 fxe4 26. b3 cxb3 27. Rxb3
Rb6 28. Rab1 Rc8 29. Rxb6 axb6 30. Rb3 Bd7 31. Ra3 h5 32. Qb3 Be6 33. Kf2 h4
34. Ra6 hxg3+ 35. hxg3 Rb8 36. Bf1 Qb7 37. Qa3 Qc7 38. Ra7 Rb7 39. Ra8+ Kh7 40.
Qf8 Qg7 41. Qxg7+ Kxg7 42. Ke3 f5 43. Ra6 Kf7 44. Bb5 Rb8 45. Bc6 Ke7 46. Ra7+
Kf6 47. Rb7 Rxb7 48. Bxb7 Ke7 49. Bc6 Bf7 50. Bb5 Be8 51. a4 Bd7 52. Ke2 Be6
53. Ke3 Kf6 54. Bc6 g5 55. Be8 Ke7 56. Bb5 Kf6 57. Be8 1/2-1/2

[Event "Copa Latina 2015"]
[Site "Vicente Lopez ARG"]
[Date "2015.03.23"]
[Round "7.73"]
[White "Giuliani, German"]
[Black "Gil Garrote, Marcelo"]
[Result "1/2-1/2"]
[WhiteElo "1805"]
[BlackElo "1735"]
[PlyCount "114"]
[EventDate "2015.03.19"]
[EventType "swiss"]
[EventRounds "9"]
[EventCountry "ARG"]
[Source "lmi"]
[SourceDate "2015.03.19"]

1. g4 d5 2. h3 c5 3. Bg2 Nc6 4. c4 e6 5. Nc3 d4 6. Ne4 Nf6 7. d3 Nxe4 8. Bxe4
Be7 9. Bd2 Qc7 10. Nf3 e5 11. g5 Be6 12. Qa4 O-O 13. h4 f5 14. gxf6 Bxf6 15.
Ng5 Bxg5 16. hxg5 Bf5 17. Bd5+ Kh8 18. O-O-O Ne7 19. g6 Bxg6 20. Rdg1 Rf6 21.
Bg5 Ra6 22. Qxa6 bxa6 23. Bxa8 Kg8 24. Bxe7 Qxe7 25. Bd5+ Bf7 26. Be4 g6 27.
Rh2 Qf6 28. Rgh1 Qg7 29. Rxh7 Qxh7 30. Rxh7 Kxh7 31. a3 a5 32. Bc6 Kg7 33. Kc2
Kf8 34. Kb3 Ke7 35. Ka4 Kd6 36. Bb5 g5 37. Kxa5 Bh5 38. f3 g4 39. fxg4 Bxg4 40.
Be8 Bxe2 41. Bg6 Bf3 42. Ka4 Bd1+ 43. Kb5 Bc2 44. Be4 Bb3 45. Ka6 Ba4 46. Kb7
a5 47. Kb6 Bd7 48. b3 a4 49. bxa4 Bxa4 50. Ka5 Bc6 51. Bxc6 Kxc6 52. Ka4 Kb6
53. Kb3 Kc6 54. a4 Kb6 55. Ka3 Ka5 56. Kb3 Kb6 57. Ka3 Ka5 1/2-1/2

[Event "Copa Latina 2015"]
[Site "Vicente Lopez ARG"]
[Date "2015.03.24"]
[Round "8.1"]
[White "Cori, Jorge"]
[Black "Bachmann, Axel"]
[Result "1/2-1/2"]
[WhiteElo "2596"]
[BlackElo "2614"]
[PlyCount "92"]
[EventDate "2015.03.19"]
[EventType "swiss"]
[EventRounds "9"]
[EventCountry "ARG"]
[Source "lmi"]
[SourceDate "2015.03.19"]

1. c4 e5 2. Nc3 Nc6 3. g3 Bc5 4. Bg2 a6 5. e3 d6 6. Nge2 Ba7 7. a3 Be6 8. b3
Qd7 9. h3 Nge7 10. Nd5 f5 11. Nxe7 Qxe7 12. d4 Bf7 13. Bb2 O-O 14. O-O Bh5 15.
dxe5 dxe5 16. Qc2 Rae8 17. b4 Kh8 18. c5 Nd8 19. Rae1 b6 20. cxb6 Bxb6 21. Nc3
c6 22. Na4 Bc7 23. Nc5 a5 24. Bc3 Bd6 25. Nd3 axb4 26. Bxb4 Bxb4 27. Nxb4 e4
28. Rc1 Qa7 29. Nxc6 Qxa3 30. Nd4 Ne6 31. Nxe6 Rxe6 32. Qc5 Qxc5 33. Rxc5 Be2
34. Ra1 Kg8 35. Ra7 Ref6 36. Bf1 Bxf1 37. Kxf1 g6 38. Kg2 h5 39. Re5 R8f7 40.
Rxf7 Kxf7 41. g4 hxg4 42. hxg4 Re6 43. Ra5 Kf6 44. Kg3 Kg5 45. gxf5 gxf5 46. f3
exf3 1/2-1/2

[Event "Copa Latina 2015"]
[Site "Vicente Lopez ARG"]
[Date "2015.03.24"]
[Round "8.2"]
[White "Valerga, Diego"]
[Black "Felgaer, Ruben"]
[Result "0-1"]
[WhiteElo "2482"]
[BlackElo "2580"]
[PlyCount "152"]
[EventDate "2015.03.19"]
[EventType "swiss"]
[EventRounds "9"]
[EventCountry "ARG"]
[Source "lmi"]
[SourceDate "2015.03.19"]

1. d4 d5 2. c4 c6 3. Nf3 Nf6 4. Nc3 dxc4 5. a4 Bf5 6. Ne5 Nbd7 7. Nxc4 Nb6 8.
e3 Qc7 9. Qb3 e6 10. f3 Bg6 11. e4 Nfd7 12. Be3 a5 13. h4 h5 14. Kf2 Bb4 15.
Na2 Be7 16. Nxb6 Qxb6 17. Qxb6 Nxb6 18. Nc3 O-O 19. d5 Nd7 20. d6 Bd8 21. Bc4
Re8 22. f4 f6 23. g4 hxg4 24. h5 Bf7 25. Rag1 e5 26. Bxf7+ Kxf7 27. f5 Bb6 28.
h6 Bxe3+ 29. Kxe3 Rh8 30. hxg7 Rxh1 31. Rxh1 Nb6 32. b3 Rg8 33. Ne2 Nc8 34. Ng3
Nxd6 35. Nh5 Ne8 36. Rd1 Ke7 37. Kf2 Nxg7 38. Rd7+ Kxd7 39. Nxf6+ Kd6 40. Nxg8
Nh5 41. Nh6 Nf6 42. Nf7+ Ke7 43. Nxe5 Nxe4+ 44. Ke3 Nc5 45. Nxg4 Nxb3 46. Ne5
Kf6 47. Nc4 Kxf5 48. Kd3 Ke6 49. Kc3 Nc5 50. Nxa5 Kd5 51. Kb4 Kd4 52. Nc4 Nxa4
53. Nd6 Nc5 54. Nf5+ Ke5 55. Ne3 Nd7 56. Nc4+ Kd5 57. Na5 b6 58. Nc4 Kd4 59.
Nd6 Ne5 60. Nf5+ Kd5 61. Ne7+ Kd6 62. Nf5+ Kc7 63. Ne3 b5 64. Kc5 Nd7+ 65. Kd4
Kb6 66. Nf5 c5+ 67. Kc3 Ne5 68. Nd6 Kc6 69. Ne4 Nf7 70. Nd2 Nd6 71. Kb3 Kb6 72.
Ka3 Nf5 73. Ne4 Ne3 74. Kb3 Nd5 75. Nd6 Kc6 76. Nxb5 Kxb5 0-1

[Event "Copa Latina 2015"]
[Site "Vicente Lopez ARG"]
[Date "2015.03.24"]
[Round "8.3"]
[White "Pichot, Alan"]
[Black "Flores, Diego"]
[Result "1-0"]
[WhiteElo "2482"]
[BlackElo "2569"]
[PlyCount "97"]
[EventDate "2015.03.19"]
[EventType "swiss"]
[EventRounds "9"]
[EventCountry "ARG"]
[Source "lmi"]
[SourceDate "2015.03.19"]

1. e4 g6 2. d4 Bg7 3. Nc3 d6 4. Be3 c6 5. Qd2 Nd7 6. Nf3 Ngf6 7. Bd3 e5 8. Bh6
Bxh6 9. Qxh6 exd4 10. Nxd4 Qb6 11. Nce2 Ng4 12. Qh4 Nge5 13. f4 Qb4+ 14. Kf2
Qb6 15. a4 a5 16. Rhf1 c5 17. fxe5 dxe5 18. Kg1 cxd4 19. Bc4 O-O 20. Rxf7 Rxf7
21. Rf1 d3+ 22. Kh1 Nf6 23. Bxf7+ Kg7 24. cxd3 Bg4 25. Ng3 Rf8 26. Bc4 h6 27.
h3 Bd7 28. Ne2 Qxb2 29. Ng1 g5 30. Qe1 Nh5 31. Rxf8 Kxf8 32. Qf1+ Nf4 33. g3
Bxa4 34. gxf4 exf4 35. Nf3 Bc6 36. Qg1 b6 37. Qd4 Qxd4 38. Nxd4 Bd7 39. Kg2 Ke7
40. e5 a4 41. e6 Be8 42. Kf3 Kd6 43. Ke4 Bg6+ 44. Nf5+ Kc5 45. e7 b5 46. Bg8 b4
47. d4+ Kc6 48. d5+ Kd7 49. Be6+ 1-0

[Event "Copa Latina 2015"]
[Site "Vicente Lopez ARG"]
[Date "2015.03.24"]
[Round "8.4"]
[White "Morovic Fernandez, Ivan"]
[Black "Salinas Herrera, Pablo"]
[Result "1-0"]
[WhiteElo "2568"]
[BlackElo "2440"]
[PlyCount "109"]
[EventDate "2015.03.19"]
[EventType "swiss"]
[EventRounds "9"]
[EventCountry "ARG"]
[Source "lmi"]
[SourceDate "2015.03.19"]

1. c4 e6 2. Nf3 Nf6 3. g3 d5 4. Bg2 Be7 5. O-O O-O 6. b3 c5 7. Bb2 Nc6 8. e3 b6
9. Nc3 Ba6 10. d3 Rc8 11. Qe2 dxc4 12. dxc4 Bb7 13. Nb5 a6 14. Rad1 Qe8 15. Nd6
Bxd6 16. Rxd6 Qe7 17. Rfd1 Rfd8 18. Rxd8+ Rxd8 19. Ne5 Rxd1+ 20. Qxd1 Nd8 21.
Bxb7 Nxb7 22. Qf3 Qc7 23. g4 h6 24. h4 Nd6 25. g5 hxg5 26. hxg5 Nfe4 27. g6
fxg6 28. Qg4 Qe7 29. f3 Nf6 30. Nxg6 Qf7 31. Qg5 Nde8 32. Ne5 Qc7 33. Kf1 Nd6
34. Qg6 Nf5 35. Ke2 Qd6 36. Ng4 Nxg4 37. fxg4 Qh2+ 38. Kd3 Qd6+ 39. Ke4 Ng3+
40. Kf3 Qd1+ 41. Kxg3 Qe1+ 42. Kf4 Qf2+ 43. Ke5 Qxb2+ 44. Kxe6 b5 45. Qe8+ Kh7
46. Qh5+ Kg8 47. Qf7+ Kh8 48. Qf8+ Kh7 49. Qf5+ Kg8 50. g5 Qd2 51. e4 bxc4 52.
bxc4 Qxa2 53. g6 Qxc4+ 54. Ke7 Kh8 55. Qh3+ 1-0

[Event "Copa Latina 2015"]
[Site "Vicente Lopez ARG"]
[Date "2015.03.24"]
[Round "8.5"]
[White "Barbosa, Evandro Amorim"]
[Black "Obregon, Andres Carlos"]
[Result "1-0"]
[WhiteElo "2439"]
[BlackElo "2531"]
[PlyCount "81"]
[EventDate "2015.03.19"]
[EventType "swiss"]
[EventRounds "9"]
[EventCountry "ARG"]
[Source "lmi"]
[SourceDate "2015.03.19"]

1. e4 c5 2. Nf3 d6 3. d4 cxd4 4. Nxd4 Nf6 5. Nc3 a6 6. h3 e6 7. g4 Be7 8. g5
Nfd7 9. Be3 b5 10. a3 Bb7 11. h4 Nb6 12. f4 Na4 13. Nxa4 bxa4 14. Bd3 Nd7 15.
Qf3 Nc5 16. O-O d5 17. e5 g6 18. h5 Qc7 19. Rac1 Rc8 20. Qh3 Rf8 21. b4 axb3
22. cxb3 Qb6 23. Bc2 a5 24. b4 axb4 25. axb4 Qxb4 26. Rb1 Qa5 27. Ra1 Qd8 28.
Rfb1 Ra8 29. Qf1 Rxa1 30. Rxa1 Qd7 31. Ra7 Kd8 32. Qc1 Qc7 33. Bd2 Nd7 34. Ba5
Nb6 35. Rxb7 Qxb7 36. Ba4 Qa6 37. Bb5 Qb7 38. Nc6+ Ke8 39. Nxe7+ Nd7 40. Qc5
Qa8 41. Nc8 1-0

[Event "Copa Latina 2015"]
[Site "Vicente Lopez ARG"]
[Date "2015.03.24"]
[Round "8.6"]
[White "Real De Azua, Ernesto"]
[Black "Hernandez Guerrero, Gilberto"]
[Result "1/2-1/2"]
[WhiteElo "2435"]
[BlackElo "2517"]
[PlyCount "44"]
[EventDate "2015.03.19"]
[EventType "swiss"]
[EventRounds "9"]
[EventCountry "ARG"]
[Source "lmi"]
[SourceDate "2015.03.19"]

1. d4 Nf6 2. c4 c5 3. d5 g6 4. Nc3 Bg7 5. e4 d6 6. h3 O-O 7. Nf3 e6 8. Bd3 exd5
9. exd5 Re8+ 10. Be3 Bh6 11. O-O Bxe3 12. fxe3 Qe7 13. e4 Nbd7 14. Qd2 Rf8 15.
Qh6 Ne8 16. Rf2 Ne5 17. Nxe5 Qxe5 18. Raf1 Bd7 19. Nd1 Ng7 20. Qf4 Rae8 21.
Qxe5 Rxe5 22. Nc3 h5 1/2-1/2

[Event "Copa Latina 2015"]
[Site "Vicente Lopez ARG"]
[Date "2015.03.24"]
[Round "8.7"]
[White "Muniz, Rafael"]
[Black "Mekhitarian, Krikor Sevag"]
[Result "1/2-1/2"]
[WhiteElo "2268"]
[BlackElo "2556"]
[PlyCount "106"]
[EventDate "2015.03.19"]
[EventType "swiss"]
[EventRounds "9"]
[EventCountry "ARG"]
[Source "lmi"]
[SourceDate "2015.03.19"]

1. e4 e5 2. Bc4 Nf6 3. d3 Nc6 4. Nf3 Bc5 5. O-O O-O 6. c3 d5 7. exd5 Nxd5 8. h3
Nb6 9. Bb3 Bf5 10. Nxe5 Nxe5 11. d4 Nbd7 12. Be3 Bd6 13. dxe5 Nxe5 14. Nd2 Qf6
15. Qh5 h6 16. f4 Nd3 17. Kh1 Kh8 18. Nc4 Rae8 19. Bd4 Qg6 20. Qxg6 fxg6 21.
Nxd6 cxd6 22. Bd5 b6 23. b3 Be4 24. Bxe4 Rxe4 25. Rf3 Nxf4 26. Raf1 Kg8 27. a4
Rf5 28. a5 bxa5 29. g4 Rf7 30. Ra1 Rb7 31. Rxa5 Re1+ 32. Kh2 Re2+ 33. Kg1 g5
34. b4 Ree7 35. Kf2 Rbc7 36. Re3 Rf7 37. Kg3 Kh7 38. Re8 Rb7 39. Re3 Rbd7 40.
Re8 Kg6 41. Ra6 h5 42. gxh5+ Nxh5+ 43. Kg2 Nf4+ 44. Kg3 Kf5 45. Ra5+ d5 46.
Re5+ Kg6 47. Ra6+ Kh7 48. Kg4 Rc7 49. Rxg5 Ne2 50. Rh5+ Kg8 51. Rxd5 Nxc3 52.
Rc5 Rxc5 53. Bxc5 Nd5 1/2-1/2